00441nam a2200145Ia 4500008004100000040001800041041000800059100001900067245005900086260004500145300001800190500003200208650002200240650003300262130821s1829 sp gr fre  aCo-BoUCMbspa afre1 aScietatis Jesu10aSelecta et optimis graecis auctoribuscScietatis Jesu. aMadrid (España)bTypis E. Aguadoc1829 a1 volúmenes aBiblioteca tiene: parte II.04aLiteratura griega04aPoesía griegavColecciones